000 00313nam a22001337a 4500
005 20251128113706.0
008 251128b |||||||| |||| 00| 0 eng d
050 _aPR 1101.B831963
100 _aBUCK PEARL
245 _aTHE GOOD EARTH
260 _aKENYA
_bLONGMANS
_c1963
300 _aX,133
942 _2lcc
_cBK
999 _c216312
_d216312